[Event "Chigorin Memorial 28th"]
[Site "St Petersburg"]
[Date "2021.10.23"]
[Round "1"]
[White "Ivanov, Sergei V"]
[Black "Duev, Dmitriy"]
[Result "1-0"]
[WhiteElo "2088"]
[BlackElo "1452"]
[PlyCount "101"]
[EventDate "2021.10.23"]
[EventType "swiss"]
[EventRounds "9"]
[EventCountry "RUS"]
[SourceTitle "EXT 2023"]
[Source "ChessBase"]
[SourceDate "2022.10.05"]
[SourceVersion "1"]
[SourceVersionDate "2022.10.05"]
[SourceQuality "1"]

1. e4 c5 2. Nf3 Nc6 3. d4 cxd4 4. Nxd4 e5 5. Nb5 d6 6. a4 a6 7. N5c3 Nf6 8. Bg5 Be7 9. Bxf6 Bxf6 10. Nd5 Bg5 11. Bc4 Be6 12. 0-0 0-0 13. c3 Ne7 14. Na3 Rc8 15. Qd3 Nxd5 16. Bxd5 Qc7 17. Rfd1 Bg4 18. Re1 Be6 19. Nc2 Qb6 20. Reb1 a5 21. Na3 Bd8 22. Nb5 Kh8 23. Rf1 Bd7 24. Rad1 Be7 25. Qe2 Bxb5 26. axb5 g6 27. c4 Kg7 28. Rd3 Qa7 29. Rh3 h6 30. Ra1 b6 31. b4 Qc7 32. bxa5 bxa5 33. Qd2 Bg5 34. Qxa5 Qc5 35. Qa7 Qb4 36. Rf3 Bf6 37. Qa3 Qd2 38. g3 Qd4 39. Qc3 Qc5 40. Ra6 Bd8 41. Qe3 Qb4 42. Qa3 Qb1+ 43. Kg2 Be7 44. Ra7 Rce8 45. Rd7 f5 46. Qxd6 Rf7 47. Qxe5+ Kg8 48. exf5 g5 49. Qe6 g4 50. Qxf7+ Kh8 51. Qxe8+ 1-0